1417 1028 1079 1161 1155 1835 1057 1524 1665 1753 1989 1537 1232 1167 1967 1252 1108 1768 1647 1211 1491 1873 1939 1850 1111 1431 1989 1745 1814 1193 1410 1163 1725 1706 1861 1173 1964 1901 1444 1505 1352 1656 1905 1563 1312 1498 1200 1240 1593 1298 1863 1805 1518 1729 1455 1517 1170 1149 1573 1794 1468 1606 1953 1595 1793 1999 1364 1483 1509 1844 1445 1773 1533 1691 1634 1990 1776 1771 1442 1274 1257 1891 1076 1503 1585 1550 1707 1646 1243 1344 1821 1979 1929 1326 1114 1606 1873 1993 1871 BCNSPRNW ULIB Ver.6.0+V

เปลี่ยนเป็นภาษาไทย

Change to English
 แสดงรายละเอียดบรรณานุกรม
  กลับหน้าหลัก

Brief Record : Get Marc (ISO 2709) : E-mail record : QR code < ปิดหน้าต่าง
LEADER : 00000nam 2200000uu 4500
001    13399120612
003     ULIB
008    120928s2548||||th 000 0 tha d
020    ^a9749297253
060 04 ^aWY152.5^bผ225ก 2551
100 0  ^aผ่องพรรณ อรุณแสง
245 10 ^aการพยาบาลผู้ป่วยโรคหัวใจและหลอดเลือด /^cผ่องพรรณ อรุณแสง
250    ^aพิมพ์ครั้งที่ 1
260    ^aขอนแก่น :^bคณะพยาบาลศาสตร์ มหาวิทยาลัยขอนแก่น,^c2551
300    ^aก-ฐ, 393 หน้า :^bภาพประกอบ ;^c26 ซม.
650  7 ^aหัวใจร่วมหลอดเลือด, โรค^xการพยาบาล
650  7 ^aหลอดเลือด, โรค^xการพยาบาล
650  7 ^aหัวใจ, โรค^xการพยาบาล
710 2  ^aมหาวิทยาลัยขอนแก่น. ^bคณะพยาบาลศาสตร์
945    ^p250^l0^i24485
945    ^p250^l0^i15493
945    ^p250^l0^i15494
945    ^p250^l0^i15527
995    ^aกัณชพร
999 ^a ใช้งานได้ทุกระบบ
รายการนี้ยังไม่มีแท็ก
คุณยังไม่ได้ล็อกอิน คุณสามารถมีกิจกรรมร่วมกับเว็บไซต์ได้ แต่ต้องล็อกอินก่อน ::
  ล็อกอิน

รายการสื่อสารสนเทศ

ลำดับที่ ประเภท เลขเรียก/บาร์โค้ด สถานที่ สถานะ
1. Book การพยาบาล
Book การพยาบาล
สถานะ=หนังสือเก่า
WY152.5 ผ225ก 2551  
  Barcode: 24485
ห้องสมุดวิทยาเขตนครสวรรค์
►ส่วนจัดเก็บหนังสือเก่า นว.
บนชั้น
  ขอยืม
2. Book การพยาบาล
Book การพยาบาล
สถานะ=หนังสือเก่า
WY152.5 ผ225ก 2551 ฉ.2 
  Barcode: 15493
ห้องสมุดวิทยาเขตนครสวรรค์
►ส่วนจัดเก็บหนังสือเก่า นว.
บนชั้น
  ขอยืม
3. Book การพยาบาล
Book การพยาบาล
สถานะ=หนังสือเก่า
WY152.5 ผ225ก 2551 ฉ.3 
  Barcode: 15494
ห้องสมุดวิทยาเขตนครสวรรค์
►หนังสือทั่วไป:l:General Books
บนชั้น
4. Book การพยาบาล
Book การพยาบาล
สถานะ=หนังสือเก่า
WY152.5 ผ225ก 2551 ฉ.4 
  Barcode: 15527
ห้องสมุดวิทยาเขตนครสวรรค์
►หนังสือทั่วไป:l:General Books
บนชั้น

รายการใกล้เคียง
    ผู้แต่ง [ผ่องพรรณ อรุณแสง]

BibComment


ยังไม่เคยถูกคอมเมนท์

คอมเมนท์ทรัพยากรรายการนี้
  คอมเมนท์: การพยาบาลผู้ป่วย..


 Copyright 2026. Bcnsprnw @Library